00662cam a2200193 a 4500008004100000020001800041040002800059043001200087050002300099082001800122245008800140250001200228260003100240300002500271504005600296650003300352650005600385700002700441980313s2003 sp b 000 0 spa  a9788484446507 aDLCcDLCdDLCdEG-GiCUC acl-----00aPQ7083b.L565 199700a860.8/09822100aLiteratura hispanoamericana :bintroduccion y antologia de textos /cAngel Esteban. a6a. ed. aGranada :bComares,c1997. aix, 574 p. ;c21 cm. aIncludes bibliographical references (p. [573]-574). 0aSpanish American literature. 0aSpanish American literaturexHistory and criticism.1 aEsteban, Angel,d1963-